| 000 | 01089cab a2200349 4500 | ||
|---|---|---|---|
| 001 | ABS47899 | ||
| 008 | 090401t1992 xxu||||| |||| 00| 0 eng d | ||
| 035 | _a(Sirsi) u63957 | ||
| 041 | _aeng | ||
| 100 | _aCooper, P. | ||
| 245 | _aChinese puzzles | ||
| 260 | _c1992 | ||
| 350 | _a0 | ||
| 490 |
_aBuilding _v258(7777) 15 January 1992, 25-33 (9) |
||
| 520 | _aFeature article on opportunities for construction in China, particularly in Guangdong Province, and the prospects for Hong Kong after the Chinese takeover in 1997. Provides tips for those considering tapping the Hong Kong market or getting involved in the airport project. | ||
| 650 | _aAIRPORTS | ||
| 650 | _aAMEC | ||
| 650 | _aASIA | ||
| 650 | _aCHINA | ||
| 650 | _aCONSTRUCTION COMPANIES | ||
| 650 | _aCONSTRUCTION MARKET | ||
| 650 | _aCOSTAIN | ||
| 650 | _aGUANGDONG | ||
| 650 | _aHONG KONG AIRPORT | ||
| 650 | _aHONG KONG | ||
| 650 | _aTRAFALGAR HOUSE | ||
| 650 | _aWORKING ABROAD | ||
| 690 | _aBUILT ENVIRONMENT | ||
| 690 | _aOVERSEAS-REST OF THE WORLD | ||
| 942 | _n0 | ||
| 948 | _c04/03/1997 | ||
| 999 |
_c39800 _d39800 |
||